Z jakiego kraju są najlepsi gracze Counter Strike 2? - Statystyki

Ogólne statystyki
  • Ten quiz został rozwiązany 35 razy
  • Średni wynik to 8 z 10
Statystyki odpowiedzi
Hint Odpowiedź % Poprawnych
7 Polska
100%
8 Niemcy
97%
2 Rosja
97%
3 Ukraina
97%
10 Stany Zjednoczone
93%
4 Francja
86%
6 Szwecja
79%
5 Brazylia
69%
1 Dania
69%
9 Kanada
62%
Nie znaleziono quizów pasujących do podanych kryteriów
Rozkład punktacji
Procent ludzi z każdym wynikiem
Percentyl według liczby udzielonych odpowiedzi
Twoja historia wyników
Nie rozwiązałeś tego quizu